| Tag |
First Indicator |
Second Indicator |
Subfields |
| LEADER |
00000nam a2200000 4500 |
| 001 |
in00004284591 |
| 005 |
20200813081812.0 |
| 006 |
m g d |
| 007 |
cr bn |||a|bb| |
| 008 |
940629s1660 enk o 00| | eng d |
| 035 |
|
|
|a (UnM)99868653
|
| 037 |
|
|
|a CL0051000008
|b ProQuest Information and Learning. 300 N. Zeeb Rd., Ann Arbor, MI 48106
|
| 040 |
|
|
|a Cu-RivES
|c Cu-RivES
|d CStRLIN
|e dcrb
|d WaOLN
|
| 100 |
1 |
|
|a Hausted, Peter,
|d d. 1645.
|
| 245 |
1 |
0 |
|a Ad populum: or, A lecture to the people. :
|b Held forth long since, but never understood nor believed till now: notwithstanding, this is the sixth repitition. With a satyre against separatists. /
|
| 246 |
2 |
|
|a Ad populum
|
| 246 |
2 |
|
|a Lecture to the people
|
| 260 |
|
|
|a [London :
|b publisher not identified],
|c Printed in the Year, 1660.
|
| 300 |
|
|
|a 1 online resource (20, [2], 2-9, [2] pages)
|
| 336 |
|
|
|a text
|b txt
|2 rdacontent
|
| 337 |
|
|
|a computer
|b c
|2 rdamedia
|
| 338 |
|
|
|a online resource
|b cr
|2 rdacarrier
|
| 500 |
|
|
|a Sometimes erroneously attributed to Abraham Cowley. In fact, A.C. = Peter Hausted. compare Madan.
|
| 500 |
|
|
|a A satire in verse.
|
| 500 |
|
|
|a Place of publication from Wing.
|
| 500 |
|
|
|a The first and last leaves are blank.
|
| 500 |
|
|
|a 'A satyre against the separatists' (sigs. B3-B7) has separate t.p. and pagination, register is continous.
|
| 500 |
|
|
|a Text and register continous despite pagination.
|
| 500 |
|
|
|a Wing calls this "Sixth edition", however, according to Madan: "A so-called 'Sixth repition' of it [Ad populum] was published in in 1660, and had 'a Satyr against Separatists' signed A.C. added to it".
|
| 500 |
|
|
|a Annotation on Thomason copy: "Aprill April 2.".
|
| 500 |
|
|
|a Reproduction of the original in the British Library.
|
| 501 |
|
|
|a With: Sincerity and hypocracy / by W.S. Serjeant at law. Oxford : Printed by A. Lichfield ... for Rob. Blagrave, 1658.
|
| 510 |
4 |
|
|a Wing (2nd edition)
|c H1155.
|
| 510 |
3 |
|
|a Madan, II, 1636.
|
| 510 |
4 |
|
|a Thomason
|c E.1822[2].
|
| 510 |
4 |
|
|a Wing (2nd edition)
|c H1185.
|
| 533 |
|
|
|a Electronic reproduction.
|b Ann Arbor, Mich. :
|c UMI,
|d 1999-
|f (Early English books online)
|n Digital version of: (Thomason Tracts ; 227:E1822[2])
|7 s1999 miun s
|
| 651 |
|
0 |
|a Great Britain
|x History
|y Civil War, 1642-1649
|v Early works to 1800.
|
| 700 |
1 |
|
|a Cowley, Abraham,
|d 1618-1667,
|
| 740 |
0 |
2 |
|a Satyre against the separatists.
|
| 830 |
|
0 |
|a Early English books online.
|
| 856 |
4 |
0 |
|u http://proxy.library.tamu.edu/login?url=https://search.proquest.com/docview/2240967037
|z Connect to the full text of this electronic book
|t 0
|
| 999 |
f |
f |
|s 299aca40-5ecf-3fab-9543-1c00c0ecee0e
|i 153336cd-0311-3f77-8d9f-48bedd82d277
|t 0
|
| 952 |
f |
f |
|a Texas A&M University
|b College Station
|c Electronic Resources
|d Available Online
|t 0
|h No information provided
|
| 998 |
f |
f |
|t 0
|l Available Online
|